Auditorium acoustics and architectural design / (Record no. 250)

000 -LEADER
fixed length control field 00580nam a2200205 a 4500
001 - CONTROL NUMBER
control field 250
003 - CONTROL NUMBER IDENTIFIER
control field BD-DhUET
008 - FIXED-LENGTH DATA ELEMENTS--GENERAL INFORMATION
fixed length control field 921022s1993 enka b 001 0 eng
020 ## - INTERNATIONAL STANDARD BOOK NUMBER
International Standard Book Number 0419177108
040 ## - CATALOGING SOURCE
Original cataloging agency DLC
Transcribing agency DLC
Modifying agency BD-DhUET
082 00 - DEWEY DECIMAL CLASSIFICATION NUMBER
Classification number 725.83
Item number BAR/1993
100 1# - MAIN ENTRY--PERSONAL NAME
Personal name Barron, Michael,
245 10 - TITLE STATEMENT
Title Auditorium acoustics and architectural design /
Statement of responsibility, etc. by Michael Barron.
250 ## - EDITION STATEMENT
Edition statement 1st ed.
260 ## - PUBLICATION, DISTRIBUTION, ETC. (IMPRINT)
Place of publication, distribution, etc. New York :
Name of publisher, distributor, etc. E & FN Spon,
Date of publication, distribution, etc. 1993.
300 ## - PHYSICAL DESCRIPTION
Extent xv, 443 p. :
Other physical details ill. ;
Dimensions 26 cm.
504 ## - BIBLIOGRAPHY, ETC. NOTE
Bibliography, etc Includes bibliographies.
650 #0 - SUBJECT ADDED ENTRY--TOPICAL TERM
Topical term or geographic name as entry element Auditorium-Architectural design
942 ## - ADDED ENTRY ELEMENTS (KOHA)
Koha item type General Book
Holdings
Piece designation (barcode) Source of classification or shelving scheme Withdrawn status Lost status Location (home branch) Koha normalized classification for sorting Not for loan Date acquired Koha date last seen Damaged status Koha full call number Sublocation or collection (holding branch) Koha item type Shelving location Price effective from Copy number
107169   Central Library, BUET725_000000000000000_83BAR1993 2014-07-192014-07-19 725.83/BAR/1993Central Library, BUETGeneral BookCirculation section2014-07-191
107170   Central Library, BUET725_000000000000000_83BAR1993 2014-07-192014-07-19 725.83/BAR/1993Central Library, BUETGeneral BookCirculation section2014-07-192
108452   Central Library, BUET725_000000000000000_83BAR1993 2014-07-192014-07-19 725.83/BAR/1993Central Library, BUETGeneral BookCirculation section2014-07-193
108453   Central Library, BUET725_000000000000000_83BAR1993 2014-07-192014-07-19 725.83/BAR/1993Central Library, BUETGeneral BookCirculation section2014-07-194